[Event "Voronezh Club-ch sf op"]
[Site "Voronezh"]
[Date "2008.09.18"]
[Round "3"]
[White "Zhurikhin, Alexander"]
[Black "Galdin, Vladimir"]
[Result "1/2-1/2"]
[WhiteElo "2108"]
[BlackElo "2182"]
[PlyCount "37"]
[EventDate "2008.09.16"]
[EventType "swiss"]
[EventRounds "6"]
[EventCountry "RUS"]
[SourceTitle "EXT 2022"]
[Source "ChessBase"]
[SourceDate "2021.10.06"]
[SourceVersion "1"]
[SourceVersionDate "2021.10.06"]
[SourceQuality "1"]

1. e4 e5 2. Nf3 Nc6 3. d4 exd4 4. Nxd4 Bc5 5. Nxc6 Qf6 6. Qd2 bxc6 7. Bd3 Ne7 8. 0-0 0-0 9. Nc3 d5 10. Qf4 Qd6 11. Qxd6 Bxd6 12. exd5 Nxd5 13. Ne4 Nb4 14. Nxd6 cxd6 15. Bf4 Nxd3 16. cxd3 Rd8 17. Rac1 c5 18. Rfd1 Be6 19. b3 1/2-1/2

[Event "Voronezh op-B"]
[Site "Voronezh"]
[Date "2008.06.19"]
[Round "8"]
[White "Abramova, Yulia"]
[Black "Galdin, Vladimir"]
[Result "1-0"]
[WhiteElo "2003"]
[BlackElo "2182"]
[PlyCount "79"]
[EventDate "2008.06.12"]
[EventType "swiss"]
[EventRounds "9"]
[EventCountry "RUS"]
[SourceTitle "CBM 125 Extra"]
[Source "ChessBase"]
[SourceDate "2008.09.01"]
[SourceVersion "1"]
[SourceVersionDate "2008.09.01"]
[SourceQuality "1"]

1. e4 e5 2. Nf3 Nc6 3. d4 exd4 4. Nxd4 Bc5 5. Be3 Qf6 6. c3 Nge7 7. Nc2 Bb6 8. Nd2 Qg6 9. g3 d5 10. Bxb6 axb6 11. exd5 Nxd5 12. Qe2+ Be6 13. Qe4 Qf6 14. Bh3 0-0 15. Bxe6 fxe6 16. 0-0 Rad8 17. Rad1 b5 18. Qe2 Nf4 19. Qe3 Nd5 20. Qe2 b4 21. Ne4 Qg6 22. Nxb4 Ndxb4 23. Rxd8 Rxd8 24. cxb4 Nxb4 25. Nc5 b6 26. Qxe6+ Qxe6 27. Nxe6 Rd2 28. Nxc7 Rxb2 29. Na8 Nxa2 30. Rd1 b5 31. Nb6 Nc3 32. Rd3 Ne4 33. Rf3 h6 34. Nd5 b4 35. Rf4 Nc3 36. Rxb4 Rc2 37. Ne3 Rc1+ 38. Kg2 Nd1 39. Nd5 Rc2 40. Rf4 1-0

[Event "Voronezh op-B"]
[Site "Voronezh"]
[Date "2008.06.18"]
[Round "7"]
[White "Ajrapetian, Nikita"]
[Black "Galdin, Vladimir"]
[Result "1/2-1/2"]
[WhiteElo "2079"]
[BlackElo "2182"]
[PlyCount "58"]
[EventDate "2008.06.12"]
[EventType "swiss"]
[EventRounds "9"]
[EventCountry "RUS"]
[SourceTitle "CBM 125 Extra"]
[Source "ChessBase"]
[SourceDate "2008.09.01"]
[SourceVersion "1"]
[SourceVersionDate "2008.09.01"]
[SourceQuality "1"]

1. c4 Nf6 2. Nc3 c5 3. g3 e6 4. Bg2 Be7 5. e3 Qc7 6. b3 d6 7. Nge2 a6 8. 0-0 Nbd7 9. Bb2 0-0 10. Rc1 Rb8 11. a4 b6 12. d4 Re8 13. f4 Nf8 14. Qd3 Bd7 15. e4 Kh8 16. e5 Ng8 17. Ne4 f6 18. d5 f5 19. exd6 Bxd6 20. Ng5 Nh6 21. Rcd1 Rbd8 22. Rfe1 exd5 23. Bxd5 Ne6 24. Qc3 Bf8 25. Qf3 b5 26. axb5 axb5 27. Be5 Qb6 28. Nc3 bxc4 29. bxc4 Nd4 1/2-1/2

[Event "Voronezh op-B"]
[Site "Voronezh"]
[Date "2008.06.14"]
[Round "3"]
[White "Galdin, Vladimir"]
[Black "Filippov, Vladimir Mikhailovi"]
[Result "1/2-1/2"]
[WhiteElo "2182"]
[BlackElo "2024"]
[PlyCount "119"]
[EventDate "2008.06.12"]
[EventType "swiss"]
[EventRounds "9"]
[EventCountry "RUS"]
[SourceTitle "CBM 125 Extra"]
[Source "ChessBase"]
[SourceDate "2008.09.01"]
[SourceVersion "1"]
[SourceVersionDate "2008.09.01"]
[SourceQuality "1"]

1. e4 g6 2. d4 d6 3. Nf3 Bg7 4. Bd3 e5 5. c3 Nc6 6. Be3 Nf6 7. h3 0-0 8. 0-0 Re8 9. d5 Ne7 10. Qc2 Nh5 11. Nfd2 f5 12. f3 f4 13. Bf2 Nf6 14. c4 Rf8 15. c5 Rf7 16. cxd6 cxd6 17. Rc1 Ne8 18. Nc3 Bd7 19. Qb3 Bc8 20. Nc4 g5 21. Qa3 a6 22. Bb6 Qd7 23. Na4 Ng6 24. Bf2 Qd8 25. Nab6 Rb8 26. Rc2 Bf8 27. Rac1 h5 28. Qa5 Qf6 29. Nxd6 Nxd6 30. Nxc8 Nxc8 31. Rxc8 Rxc8 32. Rxc8 g4 33. Qd8 Ne7 34. d6 Nc6 35. Qxf6 Rxf6 36. hxg4 hxg4 37. d7 Rd6 38. Rxf8+ Kxf8 39. Bc5 Ke7 40. fxg4 Kxd7 41. Bxd6 Kxd6 42. Bc4 b5 43. Bb3 Nd4 44. g5 Ke7 45. Kh2 a5 46. Kh3 Kf8 47. Kg4 Kg7 48. Kh5 Ne2 49. Bd5 b4 50. g6 a4 51. Kg5 Nd4 52. Bf7 Nc2 53. Kf5 Ne3+ 54. Kxe5 Nxg2 55. Kd4 f3 56. Kd3 a3 57. bxa3 bxa3 58. Be8 Kf8 59. Kd2 Kg8 60. e5 1/2-1/2

[Event "Voronezh CC fin"]
[Site "Voronezh"]
[Date "2007.10.23"]
[Round "8"]
[White "Chekhov, Sergey"]
[Black "Galdin, Vladimir"]
[Result "1-0"]
[WhiteElo "2251"]
[BlackElo "2184"]
[PlyCount "63"]
[EventDate "2007.10.16"]
[EventType "swiss"]
[EventRounds "9"]
[EventCountry "RUS"]
[SourceTitle "CBM 121 Extra"]
[Source "ChessBase"]
[SourceDate "2008.01.10"]
[SourceVersion "1"]
[SourceVersionDate "2008.01.10"]
[SourceQuality "1"]

1. e4 e5 2. Nf3 Nc6 3. d4 exd4 4. Nxd4 Bc5 5. Be3 Qf6 6. c3 Nge7 7. Bc4 Ne5 8. Be2 Qg6 9. 0-0 d5 10. Bh5 Qb6 11. b4 Bxd4 12. Bxd4 Qd6 13. f4 N5g6 14. f5 Ne5 15. Nd2 N7c6 16. Bc5 Qd7 17. Qe2 d4 18. b5 dxc3 19. Nb3 Nb8 20. Rad1 a6 21. Rxd7 Nbxd7 22. Bd4 axb5 23. Bxe5 Nxe5 24. Qxb5+ Nc6 25. Nd4 Ra5 26. Qc4 0-0 27. Nxc6 bxc6 28. Qxc3 Rxa2 29. f6 g6 30. Qe3 Kh8 31. Bf3 Be6 32. Rd1 1-0

[Event "Voronezh CC fin"]
[Site "Voronezh"]
[Date "2007.10.19"]
[Round "4"]
[White "Galdin, Vladimir"]
[Black "Kiselev, Maxim"]
[Result "1-0"]
[WhiteElo "2184"]
[BlackElo "2206"]
[PlyCount "57"]
[EventDate "2007.10.16"]
[EventType "swiss"]
[EventRounds "9"]
[EventCountry "RUS"]
[SourceTitle "CBM 121 Extra"]
[Source "ChessBase"]
[SourceDate "2008.01.10"]
[SourceVersion "1"]
[SourceVersionDate "2008.01.10"]
[SourceQuality "1"]

1. e4 d6 2. d4 Nf6 3. Bd3 e5 4. Nf3 Nbd7 5. c3 Be7 6. 0-0 0-0 7. Nbd2 c6 8. Re1 Re8 9. Nf1 Qc7 10. Ng3 g6 11. Bg5 Nf8 12. h3 Ne6 13. Bh6 Bf8 14. Qd2 Bg7 15. Bc4 b5 16. Bb3 Bb7 17. Bxg7 Kxg7 18. Ng5 Nxg5 19. Qxg5 Ng8 20. Rad1 h6 21. Qe3 Nf6 22. f4 Qb6 23. fxe5 dxe5 24. Rf1 Qc7 25. Qf3 Qe7 26. Rf2 Rf8 27. Rdf1 Ne8 28. Qg4 Bc8 29. Nf5+ 1-0

[Event "Voronezh CC fin"]
[Site "Voronezh"]
[Date "2007.10.17"]
[Round "2"]
[White "Galdin, Vladimir"]
[Black "Chuprikov, Dmitry"]
[Result "1/2-1/2"]
[WhiteElo "2184"]
[BlackElo "2404"]
[PlyCount "65"]
[EventDate "2007.10.16"]
[EventType "swiss"]
[EventRounds "9"]
[EventCountry "RUS"]
[SourceTitle "CBM 121 Extra"]
[Source "ChessBase"]
[SourceDate "2008.01.10"]
[SourceVersion "1"]
[SourceVersionDate "2008.01.10"]
[SourceQuality "1"]

1. e4 d6 2. d4 Nf6 3. Bd3 e5 4. Nf3 Nbd7 5. c3 Be7 6. 0-0 0-0 7. Re1 c6 8. Nbd2 Re8 9. Nf1 Bf8 10. Ng3 g6 11. h3 h6 12. Be3 Bg7 13. Qd2 Kh7 14. Bc4 d5 15. dxe5 Nxe4 16. Nxe4 dxe4 17. e6 exf3 18. exd7 Bxd7 19. Rad1 Qh4 20. Qxd7 Qxc4 21. b3 Qe4 22. Qxf7 Re7 23. Qxf3 Qxf3 24. gxf3 Bxc3 25. Bd2 Rxe1+ 26. Bxe1 Bxe1 27. Rxe1 Rg8 28. f4 Rg7 29. Kg2 Rf7 30. Kf3 Kg7 31. Re6 Rf6 32. Re7+ Rf7 33. Re6 1/2-1/2

[Event "Voronezh-ch sf"]
[Site "Voronezh"]
[Date "2007.02.14"]
[Round "8"]
[White "Zemlianukhina, Viktoria"]
[Black "Galdin, Vladimir"]
[Result "1/2-1/2"]
[WhiteElo "2037"]
[BlackElo "2184"]
[PlyCount "36"]
[EventDate "2007.02.06"]
[EventType "swiss"]
[EventRounds "9"]
[EventCountry "RUS"]
[SourceTitle "EXT 2019"]
[Source "ChessBase"]
[SourceDate "2018.10.10"]
[SourceVersion "1"]
[SourceVersionDate "2018.10.10"]
[SourceQuality "1"]

1. e4 e5 2. d4 exd4 3. Nf3 Nc6 4. Nxd4 Qf6 5. Be3 Bc5 6. c3 Nge7 7. Be2 d5 8. exd5 Nxd5 9. 0-0 Nxe3 10. fxe3 Qe5 11. Qd3 0-0 12. Nd2 Re8 13. Nc4 Qg5 14. Rf3 Ne5 15. Nxe5 Qxe5 16. Raf1 Be6 17. g3 f6 18. Bd1 Qe4 1/2-1/2

[Event "Voronezh-ch sf"]
[Site "Voronezh"]
[Date "2007.02.09"]
[Round "4"]
[White "Chekhov, Sergey"]
[Black "Galdin, Vladimir"]
[Result "1-0"]
[WhiteElo "2168"]
[BlackElo "2184"]
[PlyCount "45"]
[EventDate "2007.02.06"]
[EventType "swiss"]
[EventRounds "9"]
[EventCountry "RUS"]
[SourceTitle "EXT 2019"]
[Source "ChessBase"]
[SourceDate "2018.10.10"]
[SourceVersion "1"]
[SourceVersionDate "2018.10.10"]
[SourceQuality "1"]

1. e4 e5 2. Nf3 Nc6 3. d4 exd4 4. Nxd4 Bc5 5. Be3 Qf6 6. c3 Nge7 7. Bc4 Bb6 8. 0-0 0-0 9. Nc2 Ne5 10. Be2 d6 11. f4 N5c6 12. Nd2 d5 13. Bxb6 axb6 14. exd5 Nxd5 15. Ne4 Qd8 16. Bc4 Nde7 17. Qf3 Bf5 18. Ne3 Bxe4 19. Qxe4 Ng6 20. f5 Re8 21. Bxf7+ Kxf7 22. Qc4+ Ke7 23. Qe6+ 1-0

[Event "Voronezh-ch sf"]
[Site "Voronezh"]
[Date "2007.02.08"]
[Round "3"]
[White "Galdin, Vladimir"]
[Black "Polyansky, Viktor"]
[Result "1-0"]
[WhiteElo "2184"]
[BlackElo "2143"]
[PlyCount "55"]
[EventDate "2007.02.06"]
[EventType "swiss"]
[EventRounds "9"]
[EventCountry "RUS"]
[SourceTitle "EXT 2019"]
[Source "ChessBase"]
[SourceDate "2018.10.10"]
[SourceVersion "1"]
[SourceVersionDate "2018.10.10"]
[SourceQuality "1"]

1. e4 d6 2. d4 Nf6 3. Nc3 g6 4. Nf3 Bg7 5. Bg5 h6 6. Bf4 0-0 7. Bc4 c6 8. a4 d5 9. exd5 cxd5 10. Be2 Nc6 11. h3 Ne4 12. 0-0 Be6 13. Nb5 Rc8 14. Ne5 a6 15. Nxc6 Rxc6 16. Na3 Qb6 17. Bc1 Bxd4 18. Qe1 Qc7 19. Bxh6 Bxb2 20. Bxf8 Kxf8 21. Bd3 Bxa1 22. Qxa1 Nc3 23. Re1 d4 24. Nb1 Qa5 25. Nd2 Qxa4 26. Qb2 b5 27. Ra1 Ne4 28. Nxe4 1-0